000 00506nam a22001932 4500
001 0000001074
005 20170406113115.0
008 131129s xx 000 0 eng d
020 _c$
040 _aYour Holding Symbol
_cYour Holding Symbol
100 1 _aPopper.R,Karl.
245 1 4 _aThe poverty of historicism.
250 _a ed.
260 _alondon :
_bRoutedge and kegan paul,
_c1957.
300 _a166 p. ;
_c cm.
504 _aindex.
591 _adonated
908 _a131129
999 _c991
_d991